000 00243nam a22001097a 4500
082 _a621.31042 VIN'E
100 _aVINOGRADOV, N
_978313
245 _aELECTRICAL MACHINES WINDER
260 _aMOSCOW
_bMIR
_c1958
300 _a400P
942 _cBK
999 _c583453
_d583453